Bioética: sus instituciones
Salvato in:
| Autori principali: | , , , |
|---|---|
| Natura: | Libro |
| Lingua: | spagnolo |
| Pubblicazione: |
Buenos Aires
Lumen
1999
|
| Serie: | Colección Temas Actuales
|
| Soggetti: | |
| Tags: |
Aggiungi Tag
Nessun Tag, puoi essere il primo ad aggiungerne!!
|
MARC
| LEADER | 00000nam a2200000 a 4500 | ||
|---|---|---|---|
| 001 | UCL4981 | ||
| 003 | CL-VaPUC | ||
| 008 | 040227e19990000AG |||||||||||||||||spa|d | ||
| 020 | |a 9507249214 | ||
| 082 | 0 | 4 | |a 174.957 |b FRA |2 21 |
| 100 | 0 | |a Fracapani de Cuitiño, Marta |e author |9 482720 | |
| 700 | 0 | |a Giannaccari de Mathus, Liliana |e author |9 482721 | |
| 700 | 0 | |a Bochatey, Alberto |e author |9 482722 | |
| 700 | 0 | |a Bordín, Celia |e author |9 482723 | |
| 245 | 1 | 0 | |a Bioética: sus instituciones |
| 300 | |a 414 p | ||
| 942 | |c BK | ||
| 945 | |d 20040227 00:00:00 |a cmena | ||
| 260 | |a Buenos Aires |b Lumen |c 1999 | ||
| 650 | 0 | |a Bioética |9 256117 | |
| 650 | 0 | |a Ética médica |9 312024 | |
| 583 | |a last modification |c 20040227 00:00:00 |k Rodrigo Vera | ||
| 490 | 0 | |a Colección Temas Actuales | |
| 999 | |c 307726 |d 307724 | ||
| 952 | |0 0 |1 0 |4 0 |6 174_957000000000000_FRA_1999 |7 0 |8 A |9 373809 |a BIBTEO |b BIBTEO |d 2019-11-21 |i 396776K |o 174.957 FRA 1999 |p 396776K |r 2025-01-17 |w 2019-11-21 |y BK |k ICR | ||